Statystyki dla Magia w serii Gothic

Kliknij tutaj aby rozwiązać quiz!

Ogólne statystyki

  • Ten quiz został rozwiązany 76 razy
  • Średni wynik to 42 z 139

Statystyki odpowiedzi

BóstwoWymagany krąg magii (KM)/prastara wiedza (PW)Część gry, gdzie jest dostępny czarOdpowiedź% Poprawnych
InnosTrzeci (G1)/drugi (G2) KM/50 PW (G3)1, 2, 2NK, 3, 3ZBKula ognia
92%
InnosPiąty (G1)/szósty (G2) KM/250 PW1, 2, 2NK, 3, 3ZBDeszcz ognia/Ognisty deszcz
80%
AdanosNieznane1, 2, 2NKPrzemiana w wilka
74%
BeliarTrzeci KM/105 PW1*, 2, 2NK, 3, 3ZBPrzywołanie szkieletu/tworzenie szkieletu (szkieletów w G1)
74%
AdanosDrugi KM2NKPrzyzwanie wilka
74%
InnosPierwszy KM/5 PW1, 2, 2NK, 3, 3ZBŚwiatło
74%
BeliarPiąty KM/220 PW1, 2, 2NK, 3, 3ZBPrzyzwanie demona
67%
Śniący/AdanosDrugi KM/100 PW1, 2, 2NK, 3, 3ZBSen
67%
Śniący/AdanosTrzeci KM/50 PW1, 3, 3ZBTelekineza
67%
Adanos/BeliarCzwarty KM/205 PW1, 2, 2NK, 3, 3ZBPrzyzwanie golema/obudzenie golema
64%
InnosPierwszy KM1, 2, 2NKOgnisty pocisk/Ognista strzała
62%
AdanosPiąty KM/120 PW1, 2, 2NK, 3, 3ZBLodowa fala/Fala mrozu
61%
AdanosTrzeci KM1, 2, 2NK, 3, 3ZBBryła lodu
56%
Innos30 PW3, 3ZBLeczenie
54%
AdanosDrugi KM/60 PW2NK, 3, 3ZBLodowa lanca
54%
AdanosNieznane1, 2, 2NKPrzemiana w zębacza
54%
Śniący/BeliarTrzeci KM/80 PW1, 2, 2NK, 3, 3ZBUrok/Niepamięć/Amnezja
54%
BeliarSzósty KM/250 PW1, 2, 2NK, 3, 3ZBArmia ciemności
52%
AdanosNieznane1Przemiana w chrząszcza
51%
TeleportBrak1, 2, 2NK, 3*Teleportacja do Xardasa (kamień w G3)
51%
ŚniącyTrzeci KM1Pirokineza
49%
Śniący/BeliarTrzeci KM/60 PW1, 2, 2NK, 3, 3ZBStrach/Terror
49%
BeliarCzwarty KM/30 PW2, 2NK, 3, 3ZBBłyskawica
48%
AdanosNieznane1, 2, 2NKPrzemiana w cieniostwora
48%
AdanosTrzeci/czwarty KM1, 2, 2NKGrom
46%
TeleportBrak2, 2NK, 3*Teleportacja do klasztoru (kamień w G3, różne klasztory)
46%
TeleportBrak3, 3ZBKamień teleportacyjny do Ardei
44%
TeleportBrak3, 3ZBKamień teleportacyjny do Cape Dun
44%
AdanosTrzeci KM1, 2, 2NKPiorun kulisty
44%
AdanosNieznane1, 2, 2NKPrzemiana w ścierwojada
44%
Śniący/InnosDrugi KM1, 2, 2NKUderzenie wiatru/Pięść wichru
44%
TeleportBrak3Kamień teleportacyjny do Lago
43%
TeleportBrak3, 3ZBKamień teleportacyjny do Silden
43%
TeleportBrak2, 2NKTeleportacja do miasta portowego
43%
TeleportBrak3Kamień teleportacyjny do Bragi
41%
TeleportBrak3Kamień teleportacyjny do Klanu Młota
41%
InnosCzwarty KM1, 2, 2NKŚmierć ożywieńcom/Zniszczenie ożywieńca
41%
TeleportBrak3, 3ZBKamień teleportacyjny do Gothy
39%
TeleportBrak3Kamień teleportacyjny do Ishtar
39%
TeleportBrak3Kamień teleportacyjny do Klanu Ognia
39%
TeleportBrak3, 3ZBKamień teleportacyjny do Montery
39%
TeleportBrak3Kamień teleportacyjny do Mora Sul
39%
TeleportBrak3, 3ZBKamień teleportacyjny do Trelis
39%
TeleportBrak3ZBKamień teleportacyjny do Vengardu
39%
AdanosNieznane1, 2, 2NKPrzemiana w jaszczura
39%
TeleportBrak2, 2NKTeleportacja do majątku ziemskiego
39%
TeleportBrak3, 3ZBKamień teleportacyjny do Faring
38%
TeleportBrak3, 3ZBKamień teleportacyjny do Nemory
38%
TeleportBrak3, 3ZBKamień teleportacyjny do Okary
38%
TeleportBrak3, 3ZBKamień teleportacyjny do Reddock
38%
InnosCzwarty KM2, 2NKDuża kula ognia
36%
TeleportBrak3, 3ZBKamień teleportacyjny do Geldern
36%
InnosTrzeci KM2, 2NKMała burza ognista
36%
AdanosNieznane2, 2NKPrzemiana w smoczego zębacza
36%
TeleportBrak3Kamień teleportacyjny do Bakareshu
34%
Adanos230 PW3, 3ZBOtwieranie zamków
34%
BeliarSzósty KM1, 2, 2NKTchnienie śmierci
34%
TeleportBrak2, 2NKTeleportacja do przełęczy Khorinis
34%
TeleportBrak3Kamień teleportacyjny do Ben Erai
33%
TeleportBrak3Kamień teleportacyjny do Ben Sali
33%
AdanosNieznane1Przemiana w kretoszczura
33%
AdanosNieznane1, 2, 2NKPrzemiana w topielca
33%
AdanosNieznane2, 2NKPrzemiana w owcę
31%
AdanosNieznane2, 2NKPrzemiana w warga
31%
TeleportBrak1Teleportacja do obozu na bagnie
31%
BeliarPierwszy KM2, 2NKTworzenie szkieletu goblina
31%
InnosPiąty KM2, 2NKDuża burza ognista
30%
BeliarCzwarty KM2NKStworzenie zombie
30%
TeleportBrak1Teleportacja do magów wody
30%
TeleportBrak2, 2NKTeleportacja do zamku
30%
AdanosSzósty KM1, 2, 2NKZmniejszenie potwora
30%
Adanos240 PW3, 3ZBBąbel czasowy
28%
TeleportBrak3Kamień teleportacyjny do Klanu Wilka
28%
Innos240 PW3, 3ZBMeteor
28%
AdanosNieznane2, 2NKPrzemiana w ognistego jaszczura
26%
TeleportBrak1Teleportacja do magów ognia
26%
BeliarSzósty KM1Fala Śmierci Uriziela
25%
InnosPierwszy KM2, 2NKLeczenie lekkich ran
25%
AdanosDrugi KM2, 2NKLodowa strzała
25%
AdanosNieznane2, 2NKPrzemiana w polną bestię
25%
AdanosTrzeci KM2NKGejzer
23%
InnosPiąty KM2, 2NKLeczenie ciężkich ran
23%
InnosTrzeci KM2, 2NKLeczenie średnich ran
23%
InnosCzwarty KM1Ognista burza
23%
AdanosPierwszy KM1Sopel lodu
23%
InnosMagia paladynów/110 PW2, 2NK, 3, 3ZBWypędzenie zła
23%
Beliar50 PW3, 3ZBMgła
21%
Innos45 PW3, 3ZBPrzywołanie ognistego miecza
21%
BeliarPiąty KM2NKKrzyk umarłych
20%
AdanosNieznane1Przemiana w pełzacza
20%
Adanos35 PW3, 3ZBPrzywołanie goblina
20%
AdanosDrugi KM1Uzdrowienie
20%
TeleportBrak3Kamień teleportacyjny do Al Shedim
18%
Innos250 PW3, 3ZBSłowo dominacji
18%
TeleportBrak2, 2NKTeleportacja do przełęczy Górniczej Doliny
18%
Innos230 PW3, 3ZBBłogosławiony oręż
16%
Adanos250 PW3, 3ZBBurza gradowa
16%
ŚniącyCzwarty KM1Kontrola
16%
BeliarPierwszy KM2NKKorzeń
16%
Adanos35 PW3, 3ZBOswojenie
16%
Beliar240 PW3, 3ZBPodróż duszy
16%
AdanosDrugi KM2NKWir
16%
Adanos15 PW3, 3ZBPrzywołanie zwierząt
15%
TeleportBrak2, 2NKTeleportacja do starej wieży demonów
15%
Beliar25 PW3, 3ZBTrucizna
15%
Innos95 PW3, 3ZBFala płomieni
13%
TeleportBrak3Kamień teleportacyjny do sali tronowej Vengardu
13%
InnosMagia paladynów2, 2NKŚwięty płomień
13%
Innos40 PW3, 3ZBUleczenie innych
13%
TeleportBrak1Orkowe zaklęcie teleportacji
11%
AdanosNieznane2, 2NKPrzemiana w olbrzymiego szczura
11%
InnosMagia paladynów2, 2NKŚwięta strzała
11%
BeliarTrzeci KM2NKSzał Beliara
11%
InnosMagia paladynów2, 2NKZniszczenie zła
11%
Beliar230 PW3, 3ZBPrzywołanie błyskawicy
10%
InnosSzósty KM2, 2NKŚwięty pocisk
10%
Beliar70 PW3, 3ZBŻądza krwi
10%
TeleportBrak3Kamień teleportacyjny do Zubena
8%
Beliar175 PW3, 3ZBNoc w dzień
8%
AdanosNieznane1Przemiana w orkowego psa
8%
Beliar20 PW3, 3ZBPrzenieś chorobę/Osłabienie
8%
BeliarTrzeci KM2NKPrzyzwanie kamiennego strażnika
8%
BeliarCzwarty KM2NKRój owadów
8%
Adanos130 PW3, 3ZBEksplozja lodu
7%
BeliarDrugi KM2NKKradzież energii
7%
BeliarSzósty KM2, 2NKŚmiertelna fala
7%
Innos10 PW3, 3ZBUlecz chorobę
7%
TeleportBrak3Kamień teleportacyjny do świątyni w Bakareshu
5%
Innos15 PW3, 3ZBLeczenie trucizny
5%
ŚniącyCzwarty KM1Uderzenie burzy
5%
AdanosCzwarty KM2NKWodna pięść
5%
Adanos75 PW3, 3ZBForma zwierzęca
3%
AdanosNieznane3Grupowe uśpienie
3%
TeleportBrak3Kamień teleportacyjny do Jaskini Oświecenia
2%
TeleportBrak3Kamień teleportacyjny do świątyni Vengardu
2%
TeleportBrak3Kamień teleportacyjny do wyjścia z Vengardu
0%
TeleportBrak2, 2NKTeleportacja do gospody
0%
TeleportBrak2, 2NKTeleportacja do ukrytej komnaty
0%
InnosNieznane3ZBZaklęcie prawdy
0%

Rozkład punktacji

Percentyl według liczby udzielonych odpowiedzi

Procent ludzi z każdym wynikiem

Twoja historia wyników

Nie rozwiązałeś tego quizu